000 00709nam a2200229Ia 4500
003 GCL
008 140319s9999 xx 000 0 ara d
040 _aGCL /
_cGCL
082 0 4 _a882
_bا خ
100 1 _aمحمد صقر خفاجة
245 1 0 _aالخصى /
_cمحمد صقر خفاجة
700 1 _aافير، ترنتيوس
700 1 _aمحمد سليم سالم (ترجمة)
700 1 _aاحمد رفعت
300 _a144 ص
490 _aروائع المسرح العالمى
_v0
650 0 4 _aالادب اليونانى
650 0 4 _aالادب العالمى
650 0 4 _aالمسرحيات اليونانية
650 0 4 _aالمسرحيات العالمية
942 _2ddc
_cBK
999 _c44175
_d44175